<?xml version="1.0" encoding="UTF-8"?>
<collection xmlns="http://www.loc.gov/MARC21/slim">
 <record>
  <leader>02237naa a2200397   4500</leader>
  <controlfield tag="001">1832700046</controlfield>
  <controlfield tag="003">DE-627</controlfield>
  <controlfield tag="005">20230130150821.0</controlfield>
  <controlfield tag="007">cr uuu---uuuuu</controlfield>
  <controlfield tag="008">230130s2019    xx |||||oo    00| ||ger c</controlfield>
  <datafield tag="024" ind1="7" ind2=" ">
   <subfield code="a">10.11588/jfk.2019.3.93454</subfield>
   <subfield code="2">doi</subfield>
  </datafield>
  <datafield tag="035" ind1=" " ind2=" ">
   <subfield code="a">(DE-627)1832700046</subfield>
  </datafield>
  <datafield tag="035" ind1=" " ind2=" ">
   <subfield code="a">(DE-599)KXP1832700046</subfield>
  </datafield>
  <datafield tag="040" ind1=" " ind2=" ">
   <subfield code="a">DE-627</subfield>
   <subfield code="b">ger</subfield>
   <subfield code="c">DE-627</subfield>
   <subfield code="e">rda</subfield>
  </datafield>
  <datafield tag="041" ind1=" " ind2=" ">
   <subfield code="a">ger</subfield>
  </datafield>
  <datafield tag="084" ind1=" " ind2=" ">
   <subfield code="a">KUNST</subfield>
   <subfield code="q">DE-16</subfield>
   <subfield code="2">fid</subfield>
  </datafield>
  <datafield tag="100" ind1="1" ind2=" ">
   <subfield code="a">Heyden, Ulrich van der</subfield>
   <subfield code="d">1954-</subfield>
   <subfield code="e">VerfasserIn</subfield>
   <subfield code="0">(DE-588)122973100</subfield>
   <subfield code="0">(DE-627)082269440</subfield>
   <subfield code="0">(DE-576)165112123</subfield>
   <subfield code="4">aut</subfield>
  </datafield>
  <datafield tag="245" ind1="1" ind2="0">
   <subfield code="a">[Rezension von: Ina Heumann, Holger Stoecker, Marco Tamborini, Mareike Vennen, Dinosaurierfragmente]</subfield>
   <subfield code="c">Ulrich van der Heyden</subfield>
  </datafield>
  <datafield tag="264" ind1=" " ind2="1">
   <subfield code="c">2019</subfield>
  </datafield>
  <datafield tag="300" ind1=" " ind2=" ">
   <subfield code="b">Illustrationen</subfield>
  </datafield>
  <datafield tag="336" ind1=" " ind2=" ">
   <subfield code="a">Text</subfield>
   <subfield code="b">txt</subfield>
   <subfield code="2">rdacontent</subfield>
  </datafield>
  <datafield tag="337" ind1=" " ind2=" ">
   <subfield code="a">Computermedien</subfield>
   <subfield code="b">c</subfield>
   <subfield code="2">rdamedia</subfield>
  </datafield>
  <datafield tag="338" ind1=" " ind2=" ">
   <subfield code="a">Online-Ressource</subfield>
   <subfield code="b">cr</subfield>
   <subfield code="2">rdacarrier</subfield>
  </datafield>
  <datafield tag="520" ind1=" " ind2=" ">
   <subfield code="a">Rezension zu: Ina Heumann, Holger Stoecker, Marco Tamborini und Mareike Vennen; Dinosaurierfragmente. Zur Geschichte der Tendaguru-Expedition und ihrer Objekte, 1906-2018; Göttingen: Wallstein Verlag 2018; 311 S., 179 Abb.; ISBN 978-3-8353-3253-9</subfield>
  </datafield>
  <datafield tag="655" ind1=" " ind2="7">
   <subfield code="a">Rezension</subfield>
   <subfield code="0">(DE-588)4049712-4</subfield>
   <subfield code="0">(DE-627)106186019</subfield>
   <subfield code="0">(DE-576)209083166</subfield>
   <subfield code="2">gnd-content</subfield>
  </datafield>
  <datafield tag="773" ind1="0" ind2="8">
   <subfield code="i">Enthalten in</subfield>
   <subfield code="t">Journal für Kunstgeschichte</subfield>
   <subfield code="d">Regensburg : Schnell und Steiner, 2016</subfield>
   <subfield code="g">23(2019), 3, Seite 296-299</subfield>
   <subfield code="h">Online-Ressource</subfield>
   <subfield code="w">(DE-627)856404578</subfield>
   <subfield code="w">(DE-600)2851742-8</subfield>
   <subfield code="w">(DE-576)467800618</subfield>
   <subfield code="x">2509-2510</subfield>
   <subfield code="7">nnns</subfield>
  </datafield>
  <datafield tag="773" ind1="1" ind2="8">
   <subfield code="g">volume:23</subfield>
   <subfield code="g">year:2019</subfield>
   <subfield code="g">number:3</subfield>
   <subfield code="g">pages:296-299</subfield>
  </datafield>
  <datafield tag="787" ind1="0" ind2="8">
   <subfield code="i">Rezension von</subfield>
   <subfield code="a">Heumann, Ina</subfield>
   <subfield code="t">Dinosaurierfragmente</subfield>
   <subfield code="d">Göttingen : Wallstein, 2018</subfield>
   <subfield code="h">311 Seiten</subfield>
   <subfield code="w">(DE-627)1020103582</subfield>
   <subfield code="w">(DE-576)515015083</subfield>
   <subfield code="z">9783835332539</subfield>
  </datafield>
  <datafield tag="856" ind1="4" ind2="0">
   <subfield code="u">https://doi.org/10.11588/jfk.2019.3.93454</subfield>
   <subfield code="x">Verlag</subfield>
   <subfield code="x">Resolving-System</subfield>
   <subfield code="z">kostenfrei</subfield>
   <subfield code="3">Volltext</subfield>
  </datafield>
  <datafield tag="856" ind1="4" ind2="0">
   <subfield code="u">https://journals.ub.uni-heidelberg.de/index.php/jfk/article/view/93454</subfield>
   <subfield code="x">Verlag</subfield>
   <subfield code="z">kostenfrei</subfield>
   <subfield code="3">Volltext</subfield>
  </datafield>
  <datafield tag="936" ind1="u" ind2="w">
   <subfield code="d">23</subfield>
   <subfield code="j">2019</subfield>
   <subfield code="e">3</subfield>
   <subfield code="h">296-299</subfield>
  </datafield>
  <datafield tag="951" ind1=" " ind2=" ">
   <subfield code="a">AR</subfield>
  </datafield>
  <datafield tag="994" ind1=" " ind2=" ">
   <subfield code="u">https://journals.ub.uni-heidelberg.de/index.php/jfk/article/download/93454/88159/245445</subfield>
  </datafield>
  <datafield tag="994" ind1=" " ind2=" ">
   <subfield code="u">https://journals.ub.uni-heidelberg.de/index.php/jfk/article/download/93454/88159/245445</subfield>
  </datafield>
  <datafield tag="991" ind1=" " ind2=" ">
   <subfield code="a">Rezension (Monographie, Zeitschrift, Aufsatz)</subfield>
  </datafield>
  <datafield tag="999" ind1=" " ind2=" ">
   <subfield code="a">KXP-PPN1832700046</subfield>
   <subfield code="e">4263450531</subfield>
  </datafield>
 </record>
</collection>
